|
|
|
|
| LEADER |
00000nam0a2200000 4500 |
| 001 |
254642 |
| 005 |
20231101232944.0 |
| 020 |
|
|
|a RU
|b 89-64348
|
| 035 |
|
|
|a (RuTPU)RU\TPU\book\277130
|
| 090 |
|
|
|a 254642
|
| 100 |
|
|
|a 20140322d1988 m a0rusy5003 ca
|
| 101 |
0 |
|
|a rus
|
| 102 |
|
|
|a RU
|
| 105 |
|
|
|a a j 001zy
|
| 200 |
1 |
|
|a Теория ВРД. Совместные работа узлов и характеристики газотурбинных двигателей
|e учедное пособие для студентов авиационных специальностей
|f В. В. Кулагин
|g Куйбышевский авиационный институт им. С. П. Королева
|
| 210 |
|
|
|a Куйбышев
|c Изд-во КуАИ
|d 1988
|
| 215 |
|
|
|a 240 с.
|c ил.
|
| 320 |
|
|
|a Библиогр.: с. 225-227 (54 назв.)
|
| 606 |
1 |
|
|a Авиационные двигатели
|2 stltpush
|3 (RuTPU)RU\TPU\subj\274
|9 87250
|
| 610 |
1 |
|
|a газотурбинные двигатели
|
| 610 |
1 |
|
|a рабочий процесс
|
| 610 |
1 |
|
|a учебные пособия
|
| 610 |
1 |
|
|a узлы
|
| 610 |
1 |
|
|a компрессоры
|
| 610 |
1 |
|
|a сопла
|
| 610 |
1 |
|
|a газогенераторы
|
| 610 |
1 |
|
|a характеристики
|
| 610 |
1 |
|
|a турбореактивные двигатели
|
| 675 |
|
|
|a 621.452.02(075.8)
|z rus
|
| 700 |
|
1 |
|a Кулагин
|b В. В.
|g Виктор Владимирович
|
| 712 |
0 |
2 |
|a Куйбышевский авиационный институт им. С. П. Королева
|2 stltpush
|3 (RuTPU)RU\TPU\col\8161
|
| 801 |
|
0 |
|a RU
|b RuMRKP
|c 19950417
|g psbo
|
| 801 |
|
1 |
|a RU
|b 63413507
|c 20140322
|
| 801 |
|
2 |
|a RU
|b 63413507
|c 20140702
|g RCR
|
| 942 |
|
|
|c BK
|